[Event "Greek Team Championship"]
[Site "chess24.com"]
[Date "2017.07.04"]
[Round "2"]
[White "Kartsidima, Aggeliki"]
[Black "Koutsidi, Amalia"]
[Result "0-1"]
[Board "6"]
[WhiteElo "1224"]
[WhiteCountry "GRE"]
[WhiteFideId "25818031"]
[WhiteEloChange "-2"]
[BlackElo "1772"]
[BlackCountry "GRE"]
[BlackFideId "4244710"]
[BlackEloChange "2"]

1. e4 {[%clk 1:30:54]} c5 {[%clk 1:30:49]} 2. c3 {[%clk 1:29:51]} d5 {[%clk
1:29:57]} 3. exd5 {[%clk 1:28:22]} Qxd5 {[%clk 1:30:09]} 4. d4 {[%clk 1:26:17]}
Nc6 {[%clk 1:25:53]} 5. Be3 {[%clk 1:21:00]} cxd4 {[%clk 1:17:52]} 6. cxd4 {[%clk
1:17:27]} e6 {[%clk 1:11:04]} 7. Nf3 {[%clk 1:12:44]} Nf6 {[%clk 1:08:43]} 8. Be2
{[%clk 1:04:38]} Bb4+ {[%clk 1:01:19]} 9. Nc3 {[%clk 1:01:28]} O-O {[%clk
0:55:52]} 10. O-O {[%clk 0:56:04]} Qa5 {[%clk 0:51:18]} 11. Qc2 {[%clk 0:49:34]}
Ne7 {[%clk 0:44:01]} 12. Ne4 {[%clk 0:45:28]} Nxe4 {[%clk 0:39:04]} 13. Qxe4
{[%clk 0:45:43]} Qf5 {[%clk 0:37:40]} 14. Qxf5 {[%clk 0:40:54]} Nxf5 {[%clk
0:37:52]} 15. Bf4 {[%clk 0:37:25]} b6 {[%clk 0:36:46]} 16. a3 {[%clk 0:36:07]}
Bd6 {[%clk 0:32:07]} 17. Bxd6 {[%clk 0:33:29]} Nxd6 {[%clk 0:32:26]} 18. Ne5
{[%clk 0:30:44]} Bb7 {[%clk 0:31:05]} 19. Bf3 {[%clk 0:27:01]} Bxf3 {[%clk
0:25:01]} 20. Nxf3 {[%clk 0:27:15]} Rac8 {[%clk 0:25:02]} 21. Rac1 {[%clk
0:22:16]} Nc4 {[%clk 0:24:11]} 22. Rc2 {[%clk 0:21:07]} Ne5 {[%clk 0:23:11]} 23.
Re2 {[%clk 0:17:09]} Nxf3+ {[%clk 0:23:26]} 24. gxf3 {[%clk 0:17:29]} Rfd8 {[%clk
0:23:35]} 25. Rd1 {[%clk 0:17:35]} g6 {[%clk 0:23:30]} 26. Kg2 {[%clk 0:17:28]}
Rd5 {[%clk 0:23:18]} 27. Red2 {[%clk 0:14:58]} Rcd8 {[%clk 0:23:31]} 28. f4
{[%clk 0:14:54]} f6 {[%clk 0:23:28]} 29. Kf3 {[%clk 0:14:21]} Kf7 {[%clk
0:15:41]} 30. Ke4 {[%clk 0:12:07]} h6 {[%clk 0:12:12]} 31. f3 {[%clk 0:11:03]} g5
{[%clk 0:11:52]} 32. fxg5 {[%clk 0:10:52]} hxg5 {[%clk 0:11:06]} 33. Rc1 {[%clk
0:10:15]} R8d7 {[%clk 0:11:14]} 34. Rcd1 {[%clk 0:10:34]} f5+ {[%clk 0:09:16]}
35. Ke3 {[%clk 0:10:52]} Kf6 {[%clk 0:09:12]} 36. f4 {[%clk 0:10:11]} g4 {[%clk
0:07:29]} 37. Kf2 {[%clk 0:10:29]} Rh7 {[%clk 0:07:48]} 38. Kg2 {[%clk 0:10:14]}
Rb5 {[%clk 0:05:37]} 39. b4 {[%clk 0:09:47]} a5 {[%clk 0:05:50]} 40. d5 {[%clk
0:37:55]} axb4 {[%clk 0:30:45]} 41. axb4 {[%clk 0:37:30]} Rxb4 {[%clk 0:26:49]}
42. dxe6 {[%clk 0:37:46]} Re7 {[%clk 0:26:29]} 43. Rd4 {[%clk 0:35:34]} Rb2+
{[%clk 0:22:33]} 44. Kg3 {[%clk 0:35:49]} Rxe6 {[%clk 0:21:45]} 45. R1d2 {[%clk
0:31:19]} Rxd2 {[%clk 0:18:46]} 46. Rxd2 {[%clk 0:31:37]} b5 {[%clk 0:18:55]} 47.
Rb2 {[%clk 0:31:52]} Rb6 {[%clk 0:18:43]} 48. Rb4 {[%clk 0:32:07]} Ke6 {[%clk
0:19:01]} 49. Kf2 {[%clk 0:32:25]} Kd5 {[%clk 0:19:20]} 50. Ke3 {[%clk 0:32:46]}
Kc5 {[%clk 0:19:19]} 51. Rb1 {[%clk 0:33:04]} Re6+ {[%clk 0:18:34]} 52. Kf2
{[%clk 0:33:14]} Re4 {[%clk 0:18:48]} 53. Kg3 {[%clk 0:33:31]} b4 {[%clk
0:18:31]} 54. Rb2 {[%clk 0:31:49]} Kc4 {[%clk 0:16:07]} 55. Rc2+ {[%clk 0:31:37]}
Kd4 {[%clk 0:15:21]} 56. Rc6 {[%clk 0:31:22]} b3 {[%clk 0:14:59]} 57. Rb6 {[%clk
0:31:40]} Kc3 {[%clk 0:15:03]} 58. Rb5 {[%clk 0:31:53]} b2 {[%clk 0:15:18]} 59.
Rc5+ {[%clk 0:31:44]} Rc4 {[%clk 0:15:41]} 0-1

[Event "Greek Team Championship"]
[Site "chess24.com"]
[Date "2017.07.04"]
[Round "2"]
[White "Kyriazi, Smaragda"]
[Black "Kartsidima, Aikaterini"]
[Result "0-1"]
[Board "7"]
[WhiteElo "1304"]
[WhiteCountry "GRE"]
[WhiteFideId "4290364"]
[WhiteEloChange "-7"]
[BlackElo "1405"]
[BlackCountry "GRE"]
[BlackFideId "25818040"]
[BlackEloChange "7"]

1. d4 {[%clk 1:30:57]} d5 {[%clk 1:30:41]} 2. Bf4 {[%clk 1:31:19]} e6 {[%clk
1:29:41]} 3. Nf3 {[%clk 1:31:25]} c6 {[%clk 1:29:41]} 4. c3 {[%clk 1:31:25]} f5
{[%clk 1:29:41]} 5. Nbd2 {[%clk 1:31:25]} Nf6 {[%clk 1:29:41]} 6. e3 {[%clk
1:31:25]} Be7 {[%clk 1:29:41]} 7. Ne5 {[%clk 1:31:25]} Nbd7 {[%clk 1:29:41]} 8.
Ndf3 {[%clk 1:31:25]} O-O {[%clk 1:29:41]} 9. Ng5 {[%clk 1:31:25]} Nxe5 {[%clk
1:29:41]} 10. dxe5 {[%clk 1:31:25]} Ne4 {[%clk 1:29:41]} 11. Nxe4 {[%clk
1:31:25]} fxe4 {[%clk 1:29:41]} 12. Qg4 {[%clk 1:31:25]} Kh8 {[%clk 1:29:41]} 13.
O-O-O {[%clk 1:31:25]} b5 {[%clk 1:29:41]} 14. f3 {[%clk 1:31:25]} exf3 {[%clk
1:29:41]} 15. gxf3 {[%clk 1:31:25]} a5 {[%clk 1:29:41]} 16. Rg1 {[%clk 1:31:25]}
Rg8 {[%clk 1:29:41]} 17. Bd3 {[%clk 1:31:25]} g6 {[%clk 1:29:41]} 18. h4 {[%clk
1:31:25]} b4 {[%clk 1:29:41]} 19. h5 {[%clk 1:31:25]} g5 {[%clk 1:29:41]} 20. Bh2
{[%clk 1:31:25]} bxc3 {[%clk 1:29:41]} 21. bxc3 {[%clk 1:31:25]} h6 {[%clk
1:29:41]} 22. Qg2 {[%clk 1:31:25]} Qb6 {[%clk 1:29:41]} 23. e4 {[%clk 1:31:25]}
Rb8 {[%clk 1:29:41]} 24. Bc2 {[%clk 1:31:25]} Qe3+ {[%clk 1:29:41]} 25. Rd2
{[%clk 1:31:25]} Qxc3 {[%clk 1:29:41]} 26. Rd3 {[%clk 1:31:25]} Qb2+ {[%clk
1:29:41]} 27. Kd1 {[%clk 1:31:25]} Qxa2 {[%clk 1:29:41]} 28. f4 {[%clk 1:31:25]}
Ba6 {[%clk 1:29:41]} 29. Rg3 {[%clk 1:31:25]} Qa1+ {[%clk 1:29:41]} 30. Kd2
{[%clk 1:31:25]} Bb4+ {[%clk 1:29:41]} 31. Ke3 {[%clk 1:31:25]} Qc3+ {[%clk
1:29:41]} 0-1

[Event "Greek Team Championship"]
[Site "chess24.com"]
[Date "2017.07.04"]
[Round "2"]
[White "Karousos-Theodorakis, Nikolaos"]
[Black "Trimitzios, Petros"]
[Result "1-0"]
[Board "9"]
[WhiteElo "2153"]
[WhiteCountry "GRE"]
[WhiteFideId "4275829"]
[WhiteEloChange "11"]
[BlackElo "2199"]
[BlackCountry "GRE"]
[BlackFideId "25808796"]
[BlackEloChange "-11"]

1. e4 {[%clk 1:30:56]} e5 {[%clk 1:30:28]} 2. Nf3 {[%clk 1:31:21]} Nc6 {[%clk
1:30:12]} 3. Bb5 {[%clk 1:31:41]} a6 {[%clk 1:29:55]} 4. Ba4 {[%clk 1:32:00]} Nf6
{[%clk 1:29:52]} 5. O-O {[%clk 1:32:18]} b5 {[%clk 1:29:28]} 6. Bb3 {[%clk
1:32:40]} Bc5 {[%clk 1:29:51]} 7. c3 {[%clk 1:32:53]} d6 {[%clk 1:29:10]} 8. a4
{[%clk 1:33:08]} Rb8 {[%clk 1:26:58]} 9. d4 {[%clk 1:33:26]} exd4 {[%clk
1:27:09]} 10. cxd4 {[%clk 1:33:49]} Bb6 {[%clk 1:27:37]} 11. axb5 {[%clk
1:34:00]} axb5 {[%clk 1:28:06]} 12. Nc3 {[%clk 1:34:22]} b4 {[%clk 1:28:21]} 13.
Ba4 {[%clk 1:34:25]} Bd7 {[%clk 1:28:25]} 14. e5 {[%clk 1:34:19]} dxe5 {[%clk
1:23:11]} 15. dxe5 {[%clk 1:28:09]} Ng4 {[%clk 1:22:47]} 16. Nd5 {[%clk 1:20:36]}
O-O {[%clk 1:10:16]} 17. Bg5 {[%clk 1:10:22]} Qe8 {[%clk 1:08:46]} 18. h3 {[%clk
1:06:01]} Ngxe5 {[%clk 1:02:18]} 19. Nxe5 {[%clk 1:03:20]} Nxe5 {[%clk 0:51:05]}
20. Be7 {[%clk 0:58:47]} Bxa4 {[%clk 0:42:58]} 21. Rxa4 {[%clk 0:58:47]} Nd3
{[%clk 0:42:09]} 22. Nf6+ {[%clk 0:57:50]} 1-0

[Event "Greek Team Championship"]
[Site "chess24.com"]
[Date "2017.07.04"]
[Round "2"]
[White "Rousis, Chrysostomos"]
[Black "Magoulas, Dionysios"]
[Result "0-1"]
[Board "10"]
[WhiteElo "1615"]
[WhiteCountry "CYP"]
[WhiteFideId "5902860"]
[WhiteEloChange "-18"]
[BlackElo "1161"]
[BlackCountry "GRE"]
[BlackFideId "25805878"]
[BlackEloChange "18"]

1. e4 {[%clk 1:30:57]} e6 {[%clk 1:30:52]} 2. d4 {[%clk 1:31:09]} d5 {[%clk
1:31:09]} 3. Nd2 {[%clk 1:31:23]} c5 {[%clk 1:31:12]} 4. dxc5 {[%clk 1:30:57]}
Bxc5 {[%clk 1:31:18]} 5. Bd3 {[%clk 1:31:17]} Nc6 {[%clk 1:29:46]} 6. Ngf3 {[%clk
1:30:37]} Nf6 {[%clk 1:27:49]} 7. Qe2 {[%clk 1:30:49]} O-O {[%clk 1:17:07]} 8.
O-O {[%clk 1:30:24]} Nb4 {[%clk 1:14:02]} 9. Nb3 {[%clk 1:24:59]} Nxd3 {[%clk
1:12:47]} 10. cxd3 {[%clk 1:25:21]} Be7 {[%clk 1:11:42]} 11. e5 {[%clk 1:19:02]}
Nd7 {[%clk 1:04:04]} 12. Nfd4 {[%clk 1:19:14]} Nc5 {[%clk 0:55:35]} 13. Be3
{[%clk 1:14:17]} Nxb3 {[%clk 0:54:46]} 14. Nxb3 {[%clk 1:14:40]} b6 {[%clk
0:54:42]} 15. Nd4 {[%clk 1:12:52]} Bd7 {[%clk 0:46:35]} 16. f4 {[%clk 1:12:15]}
f6 {[%clk 0:43:21]} 17. Qg4 {[%clk 1:11:39]} f5 {[%clk 0:41:44]} 18. Qh5 {[%clk
1:06:38]} Qe8 {[%clk 0:41:36]} 19. Qe2 {[%clk 1:01:22]} Rc8 {[%clk 0:40:45]} 20.
Rac1 {[%clk 1:01:09]} Bc5 {[%clk 0:38:08]} 21. Nb3 {[%clk 0:59:12]} Bxe3+ {[%clk
0:37:46]} 22. Qxe3 {[%clk 0:59:34]} Qe7 {[%clk 0:37:13]} 23. a3 {[%clk 0:49:00]}
Rxc1 {[%clk 0:27:54]} 24. Rxc1 {[%clk 0:49:25]} Rc8 {[%clk 0:28:14]} 25. Rxc8+
{[%clk 0:43:20]} Bxc8 {[%clk 0:28:35]} 26. Qc1 {[%clk 0:43:46]} Bb7 {[%clk
0:20:55]} 27. Nd4 {[%clk 0:43:42]} Qd7 {[%clk 0:20:19]} 28. Qc2 {[%clk 0:41:58]}
a6 {[%clk 0:17:55]} 29. b4 {[%clk 0:40:15]} Qc8 {[%clk 0:17:10]} 30. Qxc8+ {[%clk
0:35:53]} Bxc8 {[%clk 0:17:33]} 31. Nc6 {[%clk 0:36:19]} Kf7 {[%clk 0:16:50]} 32.
Kf2 {[%clk 0:31:04]} h6 {[%clk 0:13:25]} 33. Ke3 {[%clk 0:28:44]} Ke8 {[%clk
0:13:29]} 34. Kf3 {[%clk 0:18:10]} Bd7 {[%clk 0:11:49]} 35. Nd4 {[%clk 0:16:19]}
Kf7 {[%clk 0:11:36]} 36. g4 {[%clk 0:16:39]} fxg4+ {[%clk 0:06:28]} 37. Kxg4
{[%clk 0:17:01]} Kg6 {[%clk 0:06:20]} 38. h3 {[%clk 0:14:17]} Kf7 {[%clk
0:04:05]} 39. Kh5 {[%clk 0:11:02]} Be8 {[%clk 0:03:49]} 40. f5 {[%clk 0:37:46]}
exf5 {[%clk 0:32:35]} 41. Nxf5 {[%clk 0:36:05]} g6+ {[%clk 0:32:44]} 42. Kxh6
{[%clk 0:36:03]} gxf5 {[%clk 0:32:52]} 43. Kg5 {[%clk 0:36:22]} Ke6 {[%clk
0:30:21]} 44. d4 {[%clk 0:36:29]} Bd7 {[%clk 0:20:54]} 45. h4 {[%clk 0:25:52]}
Kf7 {[%clk 0:20:58]} 46. h5 {[%clk 0:24:39]} Kg7 {[%clk 0:20:29]} 47. h6+ {[%clk
0:25:05]} Kh7 {[%clk 0:19:38]} 48. a4 {[%clk 0:24:23]} a5 {[%clk 0:18:18]} 49. b5
{[%clk 0:23:42]} Bc8 {[%clk 0:17:27]} 50. Kf6 {[%clk 0:23:59]} f4 {[%clk
0:17:26]} 51. e6 {[%clk 0:24:24]} Bxe6 {[%clk 0:17:34]} 52. Kxe6 {[%clk 0:24:48]}
f3 {[%clk 0:17:59]} 53. Kxd5 {[%clk 0:25:14]} f2 {[%clk 0:18:23]} 54. Kc6 {[%clk
0:25:35]} f1Q {[%clk 0:18:31]} 55. Kxb6 {[%clk 0:25:49]} Qf6+ {[%clk 0:16:56]}
56. Kxa5 {[%clk 0:25:29]} Qxd4 {[%clk 0:17:10]} 57. b6 {[%clk 0:25:54]} Qc3+
{[%clk 0:12:20]} 58. Ka6 {[%clk 0:25:54]} Qc4+ {[%clk 0:10:16]} 59. Ka5 {[%clk
0:25:32]} Qb3 {[%clk 0:07:08]} 60. b7 {[%clk 0:25:50]} Kg6 {[%clk 0:07:07]} 0-1

[Event "Greek Team Championship"]
[Site "chess24.com"]
[Date "2017.07.04"]
[Round "2"]
[White "Balogh, Csaba"]
[Black "Kanakaris, Georgios"]
[Result "1/2-1/2"]
[Board "1"]
[WhiteElo "2641"]
[WhiteTitle "GM"]
[WhiteCountry "HUN"]
[WhiteFideId "718939"]
[WhiteEloChange "-3"]
[BlackElo "2359"]
[BlackCountry "GRE"]
[BlackFideId "4209460"]
[BlackEloChange "7"]

1. e4 {[%clk 1:29:07]} c5 {[%clk 1:30:40]} 2. Nf3 {[%clk 1:29:11]} d6 {[%clk
1:31:02]} 3. d4 {[%clk 1:28:53]} cxd4 {[%clk 1:31:24]} 4. Nxd4 {[%clk 1:29:18]}
Nf6 {[%clk 1:31:45]} 5. Nc3 {[%clk 1:29:35]} a6 {[%clk 1:32:07]} 6. g3 {[%clk
1:29:46]} e5 {[%clk 1:31:36]} 7. Nf3 {[%clk 1:29:03]} Be7 {[%clk 1:29:54]} 8. Bg2
{[%clk 1:28:43]} O-O {[%clk 1:28:04]} 9. O-O {[%clk 1:27:55]} b5 {[%clk 1:24:04]}
10. Bg5 {[%clk 1:20:19]} Nbd7 {[%clk 1:23:28]} 11. Nh4 {[%clk 1:20:16]} h6 {[%clk
1:05:04]} 12. Be3 {[%clk 1:19:57]} Nb6 {[%clk 1:00:23]} 13. Bxb6 {[%clk 0:58:43]}
Qxb6 {[%clk 1:00:42]} 14. Nf5 {[%clk 0:59:11]} Bxf5 {[%clk 0:55:38]} 15. exf5
{[%clk 0:59:31]} Rac8 {[%clk 0:56:00]} 16. Nd5 {[%clk 0:57:59]} Nxd5 {[%clk
0:56:26]} 17. Bxd5 {[%clk 0:58:22]} b4 {[%clk 0:56:30]} 18. Re1 {[%clk 0:48:37]}
Rc5 {[%clk 0:52:08]} 19. a3 {[%clk 0:27:59]} bxa3 {[%clk 0:44:12]} 20. bxa3
{[%clk 0:26:08]} Rc3 {[%clk 0:43:31]} 21. Rb1 {[%clk 0:19:13]} Qc5 {[%clk
0:43:49]} 22. Rb7 {[%clk 0:19:35]} Rxc2 {[%clk 0:42:48]} 23. Qf3 {[%clk 0:19:58]}
Bg5 {[%clk 0:24:54]} 24. Kg2 {[%clk 0:18:40]} Rc3 {[%clk 0:20:58]} 25. Qe4 {[%clk
0:19:03]} Rc2 {[%clk 0:20:15]} 26. Qf3 {[%clk 0:18:48]} Rc3 {[%clk 0:17:14]} 27.
Qe4 {[%clk 0:18:52]} Rc2 {[%clk 0:17:34]} 28. Qf3 {[%clk 0:16:50]} Rc3 {[%clk
0:17:58]} 29. Qe4 {[%clk 0:16:24]} 1/2-1/2

[Event "Greek Team Championship"]
[Site "chess24.com"]
[Date "2017.07.04"]
[Round "2"]
[White "Gazis, Efstathios"]
[Black "Papakonstantinou, Dimitrios"]
[Result "1/2-1/2"]
[Board "3"]
[WhiteElo "2232"]
[WhiteTitle "FM"]
[WhiteCountry "GRE"]
[WhiteFideId "4200659"]
[WhiteEloChange "-1"]
[BlackElo "2207"]
[BlackCountry "GRE"]
[BlackFideId "4218655"]
[BlackEloChange "1"]

1. e4 {[%clk 1:30:55]} Nf6 {[%clk 1:27:34]} 2. e5 {[%clk 1:30:42]} Nd5 {[%clk
1:27:59]} 3. d4 {[%clk 1:30:47]} d6 {[%clk 1:28:15]} 4. c4 {[%clk 1:29:50]} Nb6
{[%clk 1:28:13]} 5. exd6 {[%clk 1:30:06]} cxd6 {[%clk 1:27:29]} 6. Nc3 {[%clk
1:29:55]} g6 {[%clk 1:27:39]} 7. Be3 {[%clk 1:29:57]} Bg7 {[%clk 1:27:37]} 8. Rc1
{[%clk 1:30:20]} O-O {[%clk 1:27:04]} 9. b3 {[%clk 1:30:30]} Nc6 {[%clk 1:25:13]}
10. d5 {[%clk 1:30:46]} Ne5 {[%clk 1:24:55]} 11. Be2 {[%clk 1:31:02]} h5 {[%clk
1:23:44]} 12. h3 {[%clk 1:22:26]} e6 {[%clk 1:21:44]} 13. dxe6 {[%clk 1:07:06]}
Bxe6 {[%clk 1:20:11]} 14. Nf3 {[%clk 1:07:27]} d5 {[%clk 1:07:24]} 15. cxd5
{[%clk 0:56:25]} Nxd5 {[%clk 1:06:19]} 16. Nxd5 {[%clk 0:56:48]} Qa5+ {[%clk
1:00:34]} 17. Qd2 {[%clk 0:55:55]} Qxd2+ {[%clk 0:59:59]} 18. Bxd2 {[%clk
0:54:34]} Bxd5 {[%clk 1:00:24]} 19. Nxe5 {[%clk 0:53:07]} Bxe5 {[%clk 1:00:21]}
20. O-O {[%clk 0:53:25]} Bc6 {[%clk 0:51:25]} 21. Be3 {[%clk 0:49:35]} Rfe8
{[%clk 0:50:56]} 22. Rfd1 {[%clk 0:38:03]} Bf4 {[%clk 0:47:22]} 23. Bxf4 {[%clk
0:37:09]} Rxe2 {[%clk 0:47:47]} 24. Rd2 {[%clk 0:37:22]} Rae8 {[%clk 0:47:32]}
25. Rcd1 {[%clk 0:37:06]} a6 {[%clk 0:45:31]} 26. Be3 {[%clk 0:35:53]} Rxd2
{[%clk 0:45:46]} 27. Rxd2 {[%clk 0:36:16]} Kg7 {[%clk 0:44:54]} 28. Bd4+ {[%clk
0:33:04]} f6 {[%clk 0:44:15]} 29. f3 {[%clk 0:29:18]} Kf7 {[%clk 0:44:06]} 30.
Kf2 {[%clk 0:29:04]} Rd8 {[%clk 0:43:56]} 31. h4 {[%clk 0:28:26]} Rd7 {[%clk
0:42:41]} 1/2-1/2

[Event "Greek Team Championship"]
[Site "chess24.com"]
[Date "2017.07.04"]
[Round "2"]
[White "Tsironis, Alexandros"]
[Black "Azis, Azizis Ektoras"]
[Result "1-0"]
[Board "4"]
[WhiteElo "2006"]
[WhiteCountry "GRE"]
[WhiteFideId "4262980"]
[WhiteEloChange "15"]
[BlackElo "2218"]
[BlackTitle "FM"]
[BlackCountry "GRE"]
[BlackFideId "4207637"]
[BlackEloChange "-15"]

1. e4 {[%clk 1:30:20]} c5 {[%clk 1:30:37]} 2. Nf3 {[%clk 1:30:41]} e6 {[%clk
1:30:58]} 3. d4 {[%clk 1:31:06]} cxd4 {[%clk 1:31:22]} 4. Nxd4 {[%clk 1:31:31]}
a6 {[%clk 1:31:42]} 5. Bd3 {[%clk 1:29:44]} Qc7 {[%clk 1:30:46]} 6. O-O {[%clk
1:30:01]} Nf6 {[%clk 1:30:36]} 7. Kh1 {[%clk 1:11:05]} Bc5 {[%clk 1:29:42]} 8.
Nb3 {[%clk 1:10:18]} Ba7 {[%clk 1:29:17]} 9. a4 {[%clk 1:10:18]} d6 {[%clk
1:17:02]} 10. Qe2 {[%clk 0:38:09]} Bd7 {[%clk 1:01:55]} 11. Nc3 {[%clk 0:32:00]}
Bc6 {[%clk 0:53:00]} 12. Bf4 {[%clk 0:20:08]} Nbd7 {[%clk 0:51:47]} 13. Rfd1
{[%clk 0:20:23]} Ne5 {[%clk 0:49:56]} 14. Bg3 {[%clk 0:20:36]} g5 {[%clk
0:46:49]} 15. Nd2 {[%clk 0:17:57]} h5 {[%clk 0:35:12]} 16. Nc4 {[%clk 0:13:50]}
h4 {[%clk 0:29:03]} 17. Bxe5 {[%clk 0:13:37]} dxe5 {[%clk 0:29:25]} 18. Nb5
{[%clk 0:13:55]} axb5 {[%clk 0:21:14]} 19. axb5 {[%clk 0:14:23]} Bxb5 {[%clk
0:10:41]} 20. Nd6+ {[%clk 0:14:42]} Ke7 {[%clk 0:10:16]} 21. Nxb5 {[%clk
0:12:44]} Qb8 {[%clk 0:08:12]} 22. Qd2 {[%clk 0:08:08]} Bc5 {[%clk 0:06:00]} 23.
Qxg5 {[%clk 0:05:02]} Rxa1 {[%clk 0:05:13]} 24. Rxa1 {[%clk 0:05:28]} Rh5 {[%clk
0:04:21]} 25. Qd2 {[%clk 0:05:29]} Ng4 {[%clk 0:02:39]} 26. Rf1 {[%clk 0:04:35]}
h3 {[%clk 0:02:17]} 27. g3 {[%clk 0:04:06]} Qd8 {[%clk 0:01:04]} 28. Qe2 {[%clk
0:00:57]} Rg5 {[%clk 0:01:19]} 29. Qe1 {[%clk 0:00:35]} Qb6 {[%clk 0:01:33]} 30.
Kg1 {[%clk 0:00:38]} Rg6 {[%clk 0:01:25]} 31. Nc3 {[%clk 0:00:35]} Qxb2 {[%clk
0:00:42]} 32. Na4 {[%clk 0:00:46]} Qa3 {[%clk 0:00:32]} 33. Qa5 {[%clk 0:00:33]}
Bxf2+ {[%clk 0:00:35]} 34. Rxf2 {[%clk 0:00:42]} Nxf2 {[%clk 0:00:44]} 35. Kxf2
{[%clk 0:00:33]} Rf6+ {[%clk 0:00:43]} 36. Ke2 {[%clk 0:01:03]} Qd6 {[%clk
0:00:32]} 37. Qc5 {[%clk 0:00:48]} Rg6 {[%clk 0:00:31]} 38. Qxd6+ {[%clk
0:00:44]} Kxd6 {[%clk 0:00:56]} 39. Kf3 {[%clk 0:00:47]} Kc6 {[%clk 0:00:38]} 40.
Nb2 {[%clk 0:31:01]} 1-0

[Event "Greek Team Championship"]
[Site "chess24.com"]
[Date "2017.07.04"]
[Round "2"]
[White "Radeva, Viktoria"]
[Black "Vatkali, Dimitra"]
[Result "1-0"]
[Board "5"]
[WhiteElo "2236"]
[WhiteTitle "WFM"]
[WhiteCountry "BUL"]
[WhiteFideId "2915405"]
[WhiteEloChange "4"]
[BlackElo "2017"]
[BlackCountry "GRE"]
[BlackFideId "4200705"]
[BlackEloChange "-4"]

1. e4 {[%clk 1:30:56]} e5 {[%clk 1:30:52]} 2. Nf3 {[%clk 1:31:13]} Nf6 {[%clk
1:31:14]} 3. Nxe5 {[%clk 1:31:37]} d6 {[%clk 1:31:38]} 4. Nf3 {[%clk 1:32:00]}
Nxe4 {[%clk 1:31:59]} 5. Nc3 {[%clk 1:32:24]} Nxc3 {[%clk 1:32:21]} 6. dxc3
{[%clk 1:32:47]} Be7 {[%clk 1:32:44]} 7. Be3 {[%clk 1:33:12]} O-O {[%clk
1:32:37]} 8. Qd2 {[%clk 1:33:37]} Nd7 {[%clk 1:31:26]} 9. O-O-O {[%clk 1:32:50]}
Ne5 {[%clk 1:20:25]} 10. Nxe5 {[%clk 1:26:12]} dxe5 {[%clk 1:20:34]} 11. Bd3
{[%clk 1:26:22]} Be6 {[%clk 1:12:28]} 12. Qe2 {[%clk 1:21:28]} Qe8 {[%clk
1:12:31]} 13. Bc4 {[%clk 1:11:17]} Bd6 {[%clk 0:51:00]} 14. Rhe1 {[%clk 1:00:53]}
a6 {[%clk 0:43:30]} 15. Kb1 {[%clk 0:54:13]} b5 {[%clk 0:32:18]} 16. Bd5 {[%clk
0:51:48]} Bxd5 {[%clk 0:29:51]} 17. Rxd5 {[%clk 0:52:12]} Qe6 {[%clk 0:28:37]}
18. Red1 {[%clk 0:50:29]} Rad8 {[%clk 0:07:57]} 19. Qd2 {[%clk 0:38:31]} f5
{[%clk 0:00:58]} 20. Bc5 {[%clk 0:36:26]} Rf6 {[%clk 0:01:25]} 21. Qe3 {[%clk
0:34:40]} e4 {[%clk 0:01:19]} 22. g3 {[%clk 0:29:17]} Qe7 {[%clk 0:00:52]} 23. b3
{[%clk 0:26:00]} Re8 {[%clk 0:00:40]} 24. Bxd6 {[%clk 0:24:51]} Rxd6 {[%clk
0:01:05]} 25. Rxd6 {[%clk 0:24:35]} cxd6 {[%clk 0:01:33]} 26. Qb6 {[%clk
0:24:27]} Qe5 {[%clk 0:00:56]} 27. Qxd6 {[%clk 0:21:37]} Qxc3 {[%clk 0:01:09]}
28. Qd5+ {[%clk 0:21:32]} Kh8 {[%clk 0:01:17]} 29. Qxf5 {[%clk 0:21:35]} h6
{[%clk 0:00:56]} 30. Qg6 {[%clk 0:20:55]} Qc8 {[%clk 0:00:35]} 31. Qd6 {[%clk
0:16:27]} Rf8 {[%clk 0:00:45]} 32. Qd4 {[%clk 0:15:44]} Qf5 {[%clk 0:01:12]} 33.
Rd2 {[%clk 0:15:57]} Rf6 {[%clk 0:01:20]} 34. Re2 {[%clk 0:13:37]} Re6 {[%clk
0:01:27]} 35. Qe3 {[%clk 0:12:30]} Qf6 {[%clk 0:00:33]} 36. Rd2 {[%clk 0:10:39]}
Qf5 {[%clk 0:00:43]} 37. Qc3 {[%clk 0:09:46]} Rf6 {[%clk 0:00:44]} 38. Kb2 {[%clk
0:09:10]} Qe6 {[%clk 0:00:36]} 39. Re2 {[%clk 0:09:00]} Qd5 {[%clk 0:00:33]} 40.
Rd2 {[%clk 0:35:10]} Qe6 {[%clk 0:30:57]} 41. Qd4 {[%clk 0:34:57]} Qf5 {[%clk
0:23:51]} 42. Re2 {[%clk 0:31:37]} Re6 {[%clk 0:24:00]} 43. Qe3 {[%clk 0:31:41]}
Qe5+ {[%clk 0:09:33]} 44. Kb1 {[%clk 0:31:38]} Rd6 {[%clk 0:08:25]} 45. Re1
{[%clk 0:25:41]} Qf6 {[%clk 0:01:49]} 46. Qxe4 {[%clk 0:23:37]} Qxf2 {[%clk
0:02:15]} 47. Qe2 {[%clk 0:21:39]} Qf6 {[%clk 0:00:52]} 48. Rf1 {[%clk 0:21:19]}
Qd4 {[%clk 0:00:45]} 49. Rf4 {[%clk 0:20:04]} Qd5 {[%clk 0:00:31]} 50. Qe8+
{[%clk 0:18:06]} Kh7 {[%clk 0:00:56]} 51. Qe4+ {[%clk 0:18:26]} Qxe4 {[%clk
0:01:02]} 52. Rxe4 {[%clk 0:18:55]} Kg6 {[%clk 0:01:18]} 53. a4 {[%clk 0:16:45]}
Kf5 {[%clk 0:00:50]} 54. Rf4+ {[%clk 0:16:45]} Ke6 {[%clk 0:00:39]} 55. Kb2
{[%clk 0:16:09]} Kd5 {[%clk 0:00:32]} 56. axb5 {[%clk 0:12:01]} axb5 {[%clk
0:00:59]} 57. c4+ {[%clk 0:12:11]} bxc4 {[%clk 0:01:25]} 58. Rxc4 {[%clk
0:12:17]} Rf6 {[%clk 0:00:45]} 59. Rc2 {[%clk 0:11:53]} g5 {[%clk 0:00:35]} 60.
b4 {[%clk 0:11:41]} Rf3 {[%clk 0:00:33]} 61. b5 {[%clk 0:09:35]} h5 {[%clk
0:00:57]} 62. Ka2 {[%clk 0:08:07]} h4 {[%clk 0:00:51]} 63. gxh4 {[%clk 0:07:26]}
gxh4 {[%clk 0:01:16]} 64. b6 {[%clk 0:06:50]} Rf6 {[%clk 0:00:34]} 65. b7 {[%clk
0:06:32]} Ra6+ {[%clk 0:00:59]} 66. Kb1 {[%clk 0:06:55]} Rb6+ {[%clk 0:00:37]}
67. Rb2 {[%clk 0:07:20]} 1-0